[Event "Norm Congress-GM 2019"]
[Site "Saint Louis"]
[Date "2019.05.20"]
[Round "8.2"]
[White "Ali Marandi, Cemil Can"]
[Black "Jacobson, Brandon"]
[Result "1-0"]
[WhiteElo "2531"]
[BlackElo "2503"]
[Annotator "TA"]
[PlyCount "94"]
[EventDate "2019.05.16"]
[EventType "tourn"]
[EventCountry "USA"]
[SourceTitle "playchess.com"]
[Source "ChessBase"]
[SourceQuality "1"]

{[%evp 13,94,0,4,4,14,14,14,0,0,0,0,0,0,0,0,-9,-2,-26,0,0,0,0,0,0,0,-43,-42,-55,-50,-54,-54,-47,0,0,0,0,-7,-4,-5,0,-5,-6,-6,-30,0,0,0,-16,0,0,0,0,0,-13,0,0,0,-8,0,0,0,0,0,-35,-40,-202,0,0,0,0,0,0,29985,29986,29986,29987,29987,29988,29988,29989,29989,29990,29991]} 1. b3 g6 2. Bb2 Nf6 3. Nf3 Bg7 4. g3 b6 5. Bg2 Bb7 6. O-O O-O 7. c4 e6 8. Nc3 {A15: English Opening: 1...Nf6} d5 9. d4 Qe7 10. Qc2 $146 {The position is equal.} ({Predecessor:} 10. Ne5 c5 11. dxc5 bxc5 12. Nd3 Na6 13. cxd5 exd5 14. Rc1 Rac8 15. Ba3 Ne4 {1-0 (41) Demuth,A (2510)-Paravyan,D (2627) Skopje 2019}) 10... Na6 11. Rad1 c5 12. cxd5 exd5 13. Rfe1 Ne4 14. e3 Rac8 15. Qb1 Rfd8 16. Rc1 Nb4 17. a3 Na6 18. Red1 Re8 {Threatens to win with ...Nxf2!} 19. Nxe4 dxe4 20. Ne5 cxd4 $1 {aiming for ...Rxc1.} 21. Rxc8 Rxc8 22. exd4 e3 23. fxe3 Bxg2 24. Kxg2 Bxe5 25. dxe5 Nc5 26. b4 Qb7+ 27. Kg1 Ne6 28. e4 (28. Qd3 {seems wilder.} h5 29. Rd2 Qa8 30. h4 Qf3 31. Kh2) 28... b5 29. Bc1 Qb6+ 30. Kg2 h5 31. Rd6 Qc7 32. Be3 Qc3 33. Qd3 Qb2+ 34. Bd2 Rc2 35. h4 Qc1 36. Qe3 Qd1 37. Rd7 Qg4 {Strongly threatening ...Nf4+!} 38. Rxa7 g5 39. hxg5 $2 (39. Kf2 $15) 39... Nxg5 $2 (39... Qxg5 $19 40. Kh3 Rxd2 41. Qxg5+ Nxg5+ 42. Kh4 Nxe4 43. Kxh5 Rd5) 40. Kf1 $11 Qd1+ (40... Kh7 $5 41. e6 $8 Qd1+ 42. Be1 Qg4 $11 {[%mdl 64] Double Attack}) 41. Be1 Nh3 {White should prevent ...Rf2+.} 42. e6 $1 {[%cal Re6f7]} fxe6 $2 {[%mdl 8192] [#]} (42... Rf2+ $11 43. Qxf2 {[%mdl 64] Remove Defender} Nxf2) 43. Ra8+ {White mates.} Kf7 44. Qa7+ Kf6 45. Rf8+ Ke5 46. Qg7+ Kxe4 47. Qg6+ {[%mdl 64] [#] Double Attack} Kd5 {Accuracy: White = 66%, Black = 64%.} 1-0

[Event "Norm Congress-GM 2019"]
[Site "Saint Louis"]
[Date "2019.05.20"]
[Round "8.3"]
[White "Wang, Justin"]
[Black "Hong, Andrew"]
[Result "1/2-1/2"]
[WhiteElo "2434"]
[BlackElo "2414"]
[Annotator "TA"]
[PlyCount "76"]
[EventDate "2019.05.16"]
[EventType "tourn"]
[EventCountry "USA"]
[SourceTitle "playchess.com"]
[Source "ChessBase"]
[SourceQuality "1"]

{[%evp 31,76,23,23,20,22,28,26,20,22,-18,-20,-10,0,0,0,-2,30,0,-5,-10,0,-8,-3,-35,-31,-174,-169,-171,-177,-266,-266,-245,-257,-395,-381,-462,-464,-462,-288,-286,-274,-286,-287,-397,-375,-284,0]} 1. e4 c5 2. Nf3 Nc6 3. d4 cxd4 4. Nxd4 Nf6 5. Nc3 e5 6. Ndb5 d6 7. Bg5 a6 8. Na3 b5 9. Bxf6 gxf6 10. Nd5 f5 11. Bd3 Be6 12. c3 Bg7 13. Qh5 O-O 14. exf5 Bxd5 15. f6 e4 16. fxg7 Re8 $1 17. Be2 {B33: Sicilian: Pelikan and Sveshnikov Variations} Ne5 {Threatening ...Nd3+.} 18. O-O Qf6 19. Qh3 {White has an edge.} (19. Rfd1 Nd3 20. Bxd3 Re5 21. Qh3 exd3 22. Rxd3 Rae8 23. Nc2 Re2 24. Qg3 Be4 {0-1 (59) Volokitin,A (2649)-Oleksienko,M (2615) Rivne 2016}) 19... Rab8 20. b3 $146 ({Predecessor:} 20. Qe3 Kxg7 21. Qd4 Bc4 22. Nxc4 Nxc4 23. Qxf6+ Kxf6 24. b3 Ne5 {½-½ (59) Andreica Navruc,S (2244)-Zunkovic,S (2229) ICCF email 2016}) 20... Rbc8 {Strongly threatening ...Rxc3!} 21. Rac1 b4 22. Nb1 Bb7 23. Rfd1 Ng6 24. Qe3 ({Wrong is} 24. cxb4 $2 Nf4 $19) (24. Qd7 $5 {[%cal Rd7b7]} Qg5 25. g3 $14 (25. Qxb7 $2 Nf4 $19 {[%mdl 64] Double Attack})) 24... Nf4 {next ...bxc3 is good for Black.} 25. Bf1 ({But not} 25. cxb4 $2 Qg5 $19) 25... bxc3 26. Nxc3 d5 27. Qd2 Rcd8 {Hoping for ...d4.} 28. g3 (28. Qd4 $1 $15 Kxg7 29. Qxf6+ Kxf6 30. Na4) 28... Nd3 $1 $19 {[%cal Rd3c1]} 29. Bxd3 exd3 30. Qf4 (30. Nb1 {is a better defense.} Re2 {[%mdl 64] Double Attack} 31. Qf4 Qxf4 32. gxf4) 30... Qxf4 31. gxf4 Rc8 $1 {aiming for ...d4.} 32. f3 {[#]} (32. Rxd3 {might work better.} d4 33. Kf1 dxc3 34. Rcxc3) 32... Re3 $1 33. Kf2 d4 34. Ne4 {With the idea Rxc8+.} Rc2+ 35. Rxc2 dxc2 36. Rc1 {[#]} f5 $1 {[%cal Rf5e4]} ({And not} 36... Kxg7 37. Rxc2 Bxe4 38. fxe4 $11) 37. Nc5 Rxf3+ 38. Ke1 Bd5 $2 {Accuracy: White = 42%, Black = 75%.} (38... Be4 $19 39. Nxe4 fxe4 40. Rxc2 d3) 1/2-1/2

[Event "Norm Congress-GM 2019"]
[Site "Saint Louis"]
[Date "2019.05.20"]
[Round "8.4"]
[White "Shtembuliak, Evgeny"]
[Black "Abrahamyan, Tatev"]
[Result "1-0"]
[WhiteElo "2516"]
[BlackElo "2373"]
[Annotator "TA"]
[PlyCount "71"]
[EventDate "2019.05.16"]
[EventType "tourn"]
[EventCountry "USA"]
[SourceTitle "playchess.com"]
[Source "ChessBase"]
[SourceQuality "1"]

{[%evp 15,71,0,30,31,25,29,18,22,32,33,35,38,27,27,35,13,13,13,12,12,10,15,10,14,20,0,0,0,0,0,45,39,188,190,194,187,432,430,343,358,235,77,921,921,921,921,920,913,913,904,890,882,862,854,29992,29993,29994,29995]} 1. d4 Nf6 2. c4 e6 3. Nf3 b6 4. g3 Bb7 5. Bg2 Be7 6. O-O O-O 7. Nc3 Ne4 8. Bd2 Bf6 9. Be1 {E18: Queen's Indian: Old Main Line (4 g3 Bb7 5 Bg2 Be7 6 0-0 0-0 7 Nc3)} Nxc3 10. Bxc3 Be4 11. Rc1 {The position is equal.} c5 $146 ({Predecessor:} 11... d6 12. Qa4 Qe8 13. Qxe8 Rxe8 14. Rfd1 Nd7 15. Ne1 Bxg2 16. Kxg2 g6 {1-0 (40) Yilmaz,M (2636)-Oparin,G (2613) St Petersburg 2018}) 12. dxc5 bxc5 13. Qd6 Bxc3 14. Rxc3 Qb6 $1 {[%cal Rb6d6]} 15. Rd1 Qxb2 16. Re3 Bc6 17. Ne5 {[%cal Re5d7]} Bxg2 18. Kxg2 Qxa2 19. Qxc5 a5 20. h4 a4 21. h5 h6 22. g4 $1 Qb2 (22... Qc2 $5 {[%cal Rc2d1]} 23. Rdd3 Qb2 $17) 23. g5 $1 $40 {[%cal Rg5h6][%mdl 128] White mounts an attack.} hxg5 ({Black should play} 23... Na6 $1 $14 24. Qe7 Qb4 25. Qxb4 Nxb4) 24. h6 $1 $18 {[%cal Rh6h7]} gxh6 {Hoping for ...Kg7.} 25. Rh1 $1 {[#]} d6 $2 (25... Nc6 $1 26. Nxd7 (26. Nxc6 Qb7) 26... Qb7 27. Rxh6 (27. Nxf8 $2 Ra5 $17) 27... Ne5+ 28. Rf3 f6 29. Rhxf6 Nxf3 30. Rxf8+ Rxf8 31. Qxf8+ {[%mdl 64] Double Attack} Kh7 32. Qf7+ (32. Qxf3 Qxd7 33. c5 Kg8 $16) 32... Kh6 33. Qxe6+ (33. Qxf3 Qxd7 34. c5 Qc8 $16) 33... Kg7 34. exf3 g4 35. Qxg4+ Kf7) 26. Qxd6 Qb7+ 27. Rf3 $1 Ra6 {[#]} 28. Qd4 $2 (28. Qc5 $1 $18 {is the precise move to win.} Kg7 {[#]} 29. Rxh6 $1 {[%mdl 512]}) 28... f6 $2 {[%mdl 8192]} (28... Nc6 $16 29. Nxc6 Qxc6) 29. Rxh6 fxe5 30. Qxe5 {[%csl Ge5][%cal Rh6h8][%mdl 64] Double Attack} Qg7 31. Rxf8+ Kxf8 32. Qxb8+ Kf7 33. Rh3 g4 34. Rh4 Qd4 35. Rh7+ Kg6 36. Qg8+ {Accuracy: White = 75%, Black = 41%.} 1-0

[Event "Norm Congress-GM 2019"]
[Site "Saint Louis"]
[Date "2019.05.20"]
[Round "8.5"]
[White "Escalante Ramirez, Brian Sebasti"]
[Black "Banawa, Joel"]
[Result "1/2-1/2"]
[WhiteElo "2452"]
[BlackElo "2396"]
[Annotator "TA"]
[PlyCount "59"]
[EventDate "2019.05.16"]
[EventType "tourn"]
[EventCountry "USA"]
[SourceTitle "playchess.com"]
[Source "ChessBase"]
[SourceQuality "1"]

{[%evp 30,59,20,20,37,32,40,0,0,0,0,0,11,3,4,5,8,0,0,14,7,0,17,18,26,16,40,-14,0,-14,0,0]} 1. e4 c5 2. Nf3 e6 3. d4 cxd4 4. Nxd4 Nf6 5. Nc3 Nc6 6. Ndb5 Bb4 7. a3 Bxc3+ 8. Nxc3 d5 9. exd5 exd5 10. Bd3 O-O 11. O-O d4 12. Ne4 Bf5 13. Bg5 Bxe4 14. Bxe4 h6 15. Bxf6 Qxf6 16. Re1 Rfe8 {B45: Sicilian Four Knights} 17. Qf3 Qxf3 {[#]} 18. gxf3 $146 (18. Bxf3 {with more complications.} g6 19. Kf1 Red8 20. Rad1 Rac8 21. Rd3) ({Predecessor:} 18. Bxf3 Rxe1+ 19. Rxe1 Rc8 20. Kf1 Kf8 21. Be4 b6 22. f4 Ne7 23. Re2 f5 24. Bf3 {0-1 (133) Leko,P (2743)-Kramnik,V (2770) Budapest 2001}) 18... Kf8 19. f4 Re6 {[#] Threatens to win with ...Rae8.} 20. Bd3 Rae8 21. Rxe6 Rxe6 $11 {[%mdl 4096] Endgame KRB-KRN} 22. Kg2 Ne7 23. Kg3 g6 24. Rd1 Rb6 25. b3 Rc6 26. Be4 Rc3+ 27. f3 Nf5+ 28. Kf2 (28. Bxf5 $1 $14 gxf5 29. Rxd4) 28... Ke7 29. a4 b6 30. Bxf5 {Accuracy: White = 56%, Black = 41%.} 1/2-1/2

[Event "Norm Congress-GM 2019"]
[Site "Saint Louis"]
[Date "2019.05.21"]
[Round "9.1"]
[White "Banawa, Joel"]
[Black "Korley, Kassa"]
[Result "1/2-1/2"]
[WhiteElo "2396"]
[BlackElo "2468"]
[Annotator "TA"]
[PlyCount "39"]
[EventDate "2019.05.16"]
[EventType "tourn"]
[EventCountry "USA"]
[SourceTitle "playchess.com"]
[Source "ChessBase"]
[SourceQuality "1"]

{[%evp 21,39,54,85,57,87,78,81,84,80,79,89,59,60,62,52,46,48,55,54,39]} 1. e4 c6 2. d4 d5 3. exd5 cxd5 4. Bd3 Nc6 5. c3 Nf6 6. Bf4 e6 7. Nd2 Bd6 8. Bxd6 Qxd6 9. Ngf3 O-O 10. O-O Bd7 11. Re1 Qf4 12. Qe2 {B13: Caro-Kann: Exchange Variation and Panov-Botvinnik Attack} Rab8 $146 ({Predecessor:} 12... Rfc8 13. Ne5 Be8 14. g3 Qh6 15. f4 Rc7 16. Nf1 Nxe5 17. fxe5 Nd7 18. Ne3 f5 19. exf6 Nxf6 {1-0 (56) Hoenig,A (2261)-Karaklajic,N (2366) Budapest 2000}) 13. Nb3 Rfc8 14. Ne5 {White is better.} Be8 15. g3 Qh6 16. h4 Nxe5 {White is slightly better.} 17. dxe5 Nd7 18. Nd4 Nc5 19. Bc2 b5 20. a3 1/2-1/2

[Event "Norm Congress-GM 2019"]
[Site "Saint Louis"]
[Date "2019.05.21"]
[Round "9.2"]
[White "Abrahamyan, Tatev"]
[Black "Escalante Ramirez, Brian Sebasti"]
[Result "1/2-1/2"]
[WhiteElo "2373"]
[BlackElo "2452"]
[Annotator "TA"]
[PlyCount "48"]
[EventDate "2019.05.16"]
[EventType "tourn"]
[EventCountry "USA"]
[SourceTitle "playchess.com"]
[Source "ChessBase"]
[SourceQuality "1"]

{[%evp 20,48,9,29,68,65,43,0,0,0,0,0,0,-32,-40,-42,6,6,6,6,6,6,6,7,6,6,10,10,12,10,14]} 1. e4 c5 2. Nf3 d6 3. d4 cxd4 4. Nxd4 Nf6 5. Nc3 Nc6 6. f3 e5 7. Nb3 Be7 8. Be3 O-O 9. Qd2 Be6 10. O-O-O a5 11. Bb5 a4 {B56: Classical Sicilian: Unusual Lines} (11... Na7 12. Bxa7 Rxa7 13. a4 Ra8 14. Kb1 Ne8 15. Nd5 Bg5 16. Qd3 Nc7 17. Nxc7 Qxc7 18. Qxd6 Qxd6 19. Rxd6 {1-0 (64) Vachier Lagrave,M (2780)-Alekseenko,K (2637) chess.com INT 2019}) 12. Bxa4 Na5 13. Nxa5 Qxa5 14. Bb3 $146 ({Predecessor:} 14. b3 Qb4 15. Nd5 Qa3+ 16. Kb1 Bxd5 17. exd5 b5 18. c3 bxa4 19. b4 {0-1 (26) Daemering,K (1946)-Blazkova,P (2184) Germany 2005}) 14... Bxb3 15. cxb3 {Hoping for a3.} d5 16. exd5 Bb4 $1 {[%cal Rb4c3] [#] ...Bxc3 is the strong threat.} 17. Qc2 Rfc8 {[%cal Rb4c3]} (17... Bxc3 $5 18. bxc3 Nxd5 $11 {[%mdl 64] Double Attack}) 18. Rd3 {The position is equal.} Bxc3 19. Rxc3 Rxc3 20. bxc3 Nxd5 {[%mdl 64] [#] Double Attack} 21. Bd2 $1 Qxa2 22. Qxa2 Rxa2 23. Rd1 $1 Ra1+ 24. Kc2 Rxd1 $1 1/2-1/2

[Event "Norm Congress-GM 2019"]
[Site "Saint Louis"]
[Date "2019.05.21"]
[Round "9.3"]
[White "Hong, Andrew"]
[Black "Shtembuliak, Evgeny"]
[Result "0-1"]
[WhiteElo "2414"]
[BlackElo "2516"]
[Annotator "TA"]
[PlyCount "120"]
[EventDate "2019.05.16"]
[EventType "tourn"]
[EventCountry "USA"]
[SourceTitle "playchess.com"]
[Source "ChessBase"]
[SourceQuality "1"]

{[%evp 12,120,25,12,31,19,12,-21,-4,-28,-21,-46,-27,-35,-46,-47,-24,-33,-36,-46,0,0,5,0,111,117,112,108,102,102,104,96,104,97,117,91,109,39,54,0,45,0,0,0,0,0,0,0,0,0,9,0,0,-22,-22,-19,-20,-14,-24,-15,-17,-494,-478,-543,-531,-1055,-695,-750,-425,-387,-402,-368,-291,-290,-289,-280,-233,-284,-226,-314,-318,-311,-255,-292,-221,-299,-297,-308,-298,-524,-522,-589,-314,-303,-287,-29971,-29972,-29976,-29977,-29978,-29979,-29988,-29989,-29989,-29990,-29990,-29986,-29990,-29991,-29991,-29992]} 1. e4 e6 2. d4 d5 3. Nc3 Nf6 4. Bg5 dxe4 5. Nxe4 Be7 6. Bxf6 gxf6 7. Qd2 b6 {C13: French: Classical System: 4 Bg5 Be7, Alekhine-Chatard Attack} (7... a6 8. O-O-O b5 9. Qe3 Bb7 10. c4 bxc4 11. Bxc4 f5 12. Nc3 Qd6 13. d5 e5 14. Nf3 Nd7 15. Rhe1 {1-0 (49) Artemiev,V (2709)-Vaibhav,S (2590) Caleta 2019}) 8. Bb5+ c6 9. Be2 Bb7 {The position is equal.} 10. Bf3 $146 ({Predecessor:} 10. f4 f5 11. Nc3 Rg8 12. Bf3 Nd7 13. O-O-O Qc7 14. Nge2 O-O-O 15. Qe3 {0-1 (37) Kayumov,S (2267)-Kiriakov,P (2552) Dubai 2002}) 10... f5 11. Nc3 Nd7 12. Nh3 Qc7 13. O-O-O Nf6 14. g3 O-O-O 15. Rhe1 c5 16. Nb5 Qb8 17. Qc3 Ne4 (17... Bxf3 $11 {remains equal.} 18. Qxf3 Qb7) 18. Bxe4 $1 $16 Bxe4 {[#]} 19. d5 $1 {[%cal Rd5d6][%mdl 512]} a6 {[#]} (19... Rxd5 20. Qxh8+) 20. d6 $1 {[%cal Rd6e7][%mdl 512]} axb5 (20... Bxd6 21. Nxd6+) 21. dxe7 Rxd1+ 22. Rxd1 Re8 23. Ng5 Rxe7 24. Qf6 (24. Nxe4 $16 fxe4 25. Qh8+ Kb7 26. Qxh7) 24... Qc7 $14 25. Nxh7 (25. Nxe4 $14 fxe4 26. Qh8+ Kb7 27. Qxh7) 25... f4 26. Qh8+ Kb7 27. Nf6 Bf3 28. Re1 $1 fxg3 29. hxg3 e5 30. Re3 Bc6 31. Qf8 {Strongly threatening Ra3.} b4 $1 32. g4 e4 33. g5 $1 Re5 34. Qh6 Qe7 35. Qh4 Qe6 $36 {[%mdl 2048] White is under pressure.} 36. Qf4 $2 {[%mdl 8192]} (36. Qg3 $11 {and White has nothing to worry.}) 36... Rf5 $19 37. Qg3 Qxa2 38. b3 Qa1+ 39. Kd2 Qf1 40. Re1 Rxf2+ 41. Kd1 Qg2 42. Qxg2 Rxg2 43. Nxe4 {[%mdl 4096] Endgame KRB-KRN} Kc7 44. Nd2 {[#]} Bd5 $1 ({But not} 44... Rxg5 45. Re7+ Kd6 46. Rxf7 $19) 45. Re5 Kd6 46. Rf5 Be6 47. Ne4+ Ke7 48. Re5 Kd7 49. Kc1 Kc6 50. Kb1 $2 (50. g6 Rxg6 51. Nf2) 50... Bg4 51. Kc1 Bh5 {aiming for ...Re2.} 52. Nd2 Bg6 53. Ne4 $2 (53. Re8 $19) 53... Re2 {Black mates.} 54. Re8 Rxe4 {KRB-KR} 55. Ra8 Re2 56. Kb1 Bxc2+ {[%mdl 64] Double Attack} 57. Kb2 Kb5 58. g6 Be4+ {[%mdl 64] Discovered Attack} 59. Ka1 Bxa8 60. g7 Rg2 {Accuracy: White = 34%, Black = 68%.} 0-1

[Event "Norm Congress-GM 2019"]
[Site "Saint Louis"]
[Date "2019.05.21"]
[Round "9.4"]
[White "Jacobson, Brandon"]
[Black "Wang, Justin"]
[Result "1/2-1/2"]
[WhiteElo "2503"]
[BlackElo "2434"]
[Annotator "TA"]
[PlyCount "241"]
[EventDate "2019.05.16"]
[EventType "tourn"]
[EventCountry "USA"]
[SourceTitle "playchess.com"]
[Source "ChessBase"]
[SourceQuality "1"]

{[%evp 13,240,-3,1,16,15,3,8,0,0,0,0,0,0,-12,-6,-5,4,0,4,3,3,-2,0,-24,-33,-41,51,39,40,39,31,33,83,80,87,80,91,92,89,98,97,81,93,83,83,81,95,73,76,25,81,105,112,73,131,0,0,0,224,236,227,141,204,204,189,176,178,193,319,308,373,302,330,347,400,395,459,435,453,358,354,352,348,344,331,302,293,283,324,316,283,28,25,22,23,25,27,27,20,0,8,8,8,8,16,8,26,26,26,26,26,26,1215,8,78,77,78,0,0,0,77,77,78,77,76,76,77,77,77,65,65,64,64,58,64,64,64,58,58,57,64,58,64,64,71,71,71,71,71,71,71,71,71,71,71,65,71,64,65,0,71,71,71,65,71,65,65,57,50,48,8,8,8,8,64,64,65,65,65,65,65,8,8,0,8,0,0,0,8,0,0,0,0,0,8,8,8,8,8,8,8,0,8,0,8,8,8,0,0,0,0,0,8,0,0,0,0,0,8,0,0,0,8,0,8,0,0,0,0]} 1. b4 e5 2. Bb2 Bxb4 3. Bxe5 Nf6 4. Nf3 O-O 5. e3 d5 6. c4 Nc6 7. Bb2 Re8 8. cxd5 {A00: Irregular Openings} Nxd5 9. Be2 Bf5 (9... Qd6 10. O-O Qg6 11. Kh1 Bg4 12. Nh4 Bxe2 13. Qxe2 Qe4 14. Nf3 Nf4 15. Qb5 Nd3 {½-½ (41) Timmermans,M (2375)-Erdos,V (2605) Skopje 2018}) 10. O-O Bf8 11. Nc3 Ncb4 12. Nxd5 Qxd5 $146 ({Predecessor:} 12... Nxd5 13. Qb3 c6 14. Rfc1 Qb6 15. Bc4 Qxb3 16. axb3 {½-½ (39) Gounant,S (1802)-Dusk,J (1800) FICGS email 2010}) 13. Nd4 Bd3 14. a3 Bxe2 15. Qxe2 c5 16. axb4 cxd4 17. Ra5 $36 {[%mdl 2048] White has the initiative.} Qd7 18. Qd3 Bxb4 19. Rb5 Be7 {[#]} ({Black should play} 19... Bf8 $15) 20. Qxd4 $1 $14 {[%mdl 512]} Qxd4 21. Bxd4 b6 22. Ra1 Rec8 23. Kf1 f6 24. Ke2 Kf7 25. Rb2 Rcb8 26. Ra6 Bd8 27. g4 Ke6 28. h4 Kd7 29. Rba2 Rb7 30. f4 Kc6 31. Kf3 (31. e4 $16) 31... Kb5 (31... Rd7 $11) 32. e4 $16 Be7 33. Bc3 Rd7 (33... g6 $142) 34. e5 (34. g5 $16) 34... fxe5 $11 35. fxe5 Bc5 $2 (35... Bxh4 $11 36. Ke4 Bg5) 36. Ke4 $1 $18 Bf8 37. Bd4 {Threatens to win with Rxb6+!} Rb7 (37... Bc5 $16 {was called for.} 38. Bc3 Be7) 38. Be3 Bb4 39. d4 Rc7 40. e6 $1 Re8 (40... Rc6 $142) 41. Ke5 $1 ({Not} 41. Rxa7 Rxe6+ 42. Kf3 Rxa7 $11) 41... Bc3 {Strongly threatening ...Rce7.} 42. R6a3 Rc5+ 43. Kf4 Rc4 44. Rb3+ $1 Bb4 45. Ke5 a5 46. d5 Rxg4 47. d6 Re4+ 48. Kxe4 Rxe6+ 49. Kf3 Rxd6 50. Rb1 Kc4 51. Rc2+ Kd3 52. Rc8 $2 (52. Rcb2 $18 Rf6+ 53. Bf4) 52... Rf6+ $11 53. Bf4 Bd2 54. Rd8+ (54. Rb3+ Kd4 $14) 54... Kc2 55. Rxd2+ Kxb1 {[%mdl 4096] Endgame KRB-KR} 56. Rd7 b5 57. Rxg7 b4 58. Ke4 Re6+ 59. Kd5 Re2 60. Rxh7 b3 {And now ...b2 would win.} 61. Ra7 b2 {Hoping for ...Kc2.} 62. Be5 Rd2+ $2 {[%mdl 8192]} (62... Rxe5+ $11 63. Kxe5 Kc2 64. Rc7+ Kd3) 63. Kc4 $2 (63. Ke6 $1 $18 Kc1 64. Bxb2+ $1 {[%mdl 512]} (64. Rxa5 b1=Q $11) 64... Rxb2 65. Rxa5) 63... Re2 (63... Rc2+ $1 $11 {keeps the balance.} 64. Kd5 Rg2) 64. Rxa5 $16 Re4+ 65. Kb3 ({Better is} 65. Kd3 $1 $16 {[%cal Rd3e4]} Rxh4 66. Rb5) 65... Re3+ $11 66. Kc4 (66. Kb4 $1 $11) 66... Re4+ $16 {[#]} 67. Kd3 $1 {[%cal Rd3e4]} Rxh4 {[#]} 68. Rb5 $1 Rh3+ 69. Kd2 Ka2 70. Rxb2+ Ka3 71. Rb8 Rb3 72. Ra8+ Kb4 73. Bc3+ Kc5 74. Kd3 Rb7 75. Rc8+ Kd6 76. Kd4 Rf7 77. Ke4 Kd7 78. Rh8 Re7+ 79. Kd5 Rf7 80. Ra8 Rf5+ 81. Be5 {Ra7+ is the strong threat.} Rf7 82. Ra6 Ke7 83. Rb6 Kd7 84. Bf6 Ke8 85. Ke5 (85. Re6+ {feels hotter.} Kd7 86. Ra6 Kc8 87. Be5 Kd7 88. Rh6) 85... Kd7 86. Kd5 Ke8 $1 87. Re6+ Kd7 88. Rd6+ Kc7 89. Kc5 Kc8 90. Be5 Rc7+ 91. Kb6 Rb7+ 92. Ka6 Rd7 $1 93. Rf6 (93. Rc6+ {is interesting.} Kd8 94. Bc3 Ke7 95. Kb5 Rd5+ 96. Kc4) 93... Kd8 (93... Rd5 $11) 94. Bd6 $14 {[%cal Rf6f8]} Rh7 95. Kb6 Kd7 96. Bc5 Rh3 97. Rf7+ (97. Ka5 $14) 97... Ke6 $11 {The position is equal.} 98. Re7+ Kd5 99. Rd7+ Ke6 100. Kc6 Rh2 101. Re7+ Kf5 102. Kd5 Rd2+ 103. Bd4 Rg2 104. Rf7+ Kg4 105. Ke4 Re2+ 106. Be3 {White threatens Rg7+ and mate.} Rg2 107. Rf6 Rg3 108. Bf2 Rg2 109. Rf8 Kh3 110. Kf3 {[%cal Rf8h8]} Rg3+ $1 111. Ke2 Rg6 112. Rf4 Rg4 113. Rf3+ Kg2 114. Be3 Rg6 115. Rf1 {White wants to mate with Rg1+.} Kh3 (115... Re6 {keeps more tension.} 116. Rg1+ Kh2 117. Rf1 Kg3 118. Rf3+ Kg4) 116. Kf3 {[%cal Rf1h1]} Rg3+ 117. Ke4 Kg4 118. Rf8 Rg2 119. Bf2 Kh3 120. Kf3 {[%cal Rf8h8]} Rg3+ 121. Bxg3 {Accuracy: White = 58%, Black = 53%.} 1/2-1/2

[Event "Norm Congress-GM 2019"]
[Site "Saint Louis"]
[Date "2019.05.21"]
[Round "9.5"]
[White "Boros, Denes"]
[Black "Ali Marandi, Cemil Can"]
[Result "1/2-1/2"]
[WhiteElo "2439"]
[BlackElo "2531"]
[Annotator "TA"]
[PlyCount "44"]
[EventDate "2019.05.16"]
[EventType "tourn"]
[EventCountry "USA"]
[SourceTitle "playchess.com"]
[Source "ChessBase"]
[SourceQuality "1"]

{[%evp 10,44,20,-2,13,-22,31,30,27,15,18,36,40,39,37,32,33,28,19,3,58,22,79,48,65,-10,0,0,0,0,0,0,0,-6,1,6,4]} 1. e4 c5 2. Nf3 e6 3. d4 cxd4 4. Nxd4 a6 5. g3 d5 6. Nf3 Bc5 {B41: Sicilian: Kan Variation: 5 c4} (6... Nf6 7. exd5 Qxd5 8. Nbd2 Nc6 9. Bg2 Bc5 10. O-O O-O 11. c3 Qd8 12. Qe2 Qe7 13. Nc4 Nd5 14. a4 {½-½ (46) Ponkratov,P (2603)-Bocharov,D (2602) Khanty-Mansiysk 2013}) 7. exd5 Qb6 $146 (7... exd5 $11 8. Nc3 Nc6) ({Predecessor:} 7... exd5 8. Bg2 Nf6 9. O-O Be6 10. Nbd2 Nc6 11. Nb3 Ba7 12. Nbd4 Qd7 13. Re1 O-O 14. c3 {0-1 (37) Chaitanya,S (1855)-Harshavardhan,G (2194) New Delhi 2018}) 8. Qe2 $14 Nf6 $1 {White has an edge.} 9. Bg2 O-O 10. dxe6 Bxe6 11. O-O Nc6 12. Nc3 {[%cal Bb1c3,Bc3d1,Bd1e3][%mdl 32]} Nd4 13. Nxd4 Bxd4 14. Be3 Rad8 (14... Bxe3 $11 15. Qxe3 Qxb2) 15. Nd1 Bg4 (15... Rfe8 $11 {keeps the balance.}) 16. Bxd4 $16 Rxd4 (16... Bxe2 $2 {too greedy.} 17. Bxb6 Bxf1 18. Bxd8 $18 (18. Bxb7 Rb8 $11)) 17. Bf3 (17. Qe7 $14) 17... Re8 {The position is equal.} 18. Ne3 Qxb2 19. Rab1 Qxa2 20. Rxb7 {[%cal Rf3g4]} h5 21. Rfb1 Re5 22. Rd1 Qa4 {Accuracy: White = 57%, Black = 44%.} 1/2-1/2